00629 a2200157 4500003000500000005001700005040000900022082001500031245009400046260003900140300001600179505010900195942002400304999001900328952012400347NUST20221202183642.0 cNust a025.31,DEF aDefence industries in pakistan Catalogue 1998 /cDirectorate general munitions production apakistanbDefence inductriesc1998 axii,161p .: aFirms And Industries (Page-1), Products (Page-121), Index Of Services And Special Facilities (Page-158). 2ddccBKk025.31,DEF c193680d193680 00102ddc4070aMCSbMCScGENd2016-12-12o025.31,DEFpMCS26131r2016-12-08w2016-12-12yBKzAlmirah No.46, Shelf No.1